An introduction to behavioural Ecology (Record no. 6920)

MARC details
000 -LEADER
fixed length control field 00556nam a22002057a 4500
003 - CONTROL NUMBER IDENTIFIER
control field OSt
005 - DATE AND TIME OF LATEST TRANSACTION
control field 20210510122735.0
008 - FIXED-LENGTH DATA ELEMENTS--GENERAL INFORMATION
fixed length control field 210510b ||||| |||| 00| 0 eng d
020 ## - INTERNATIONAL STANDARD BOOK NUMBER
International Standard Book Number 9781405114165
040 ## - CATALOGING SOURCE
Transcribing agency DDC
082 ## - DEWEY DECIMAL CLASSIFICATION NUMBER
Classification number 577DAV 2012
100 ## - MAIN ENTRY--PERSONAL NAME
Personal name Davies,B.Nicholas;Krebs,John R;West,A.Stuart;
9 (RLIN) 14196
245 ## - TITLE STATEMENT
Title An introduction to behavioural Ecology
250 ## - EDITION STATEMENT
Edition statement 4th ed.
260 ## - PUBLICATION, DISTRIBUTION, ETC. (IMPRINT)
Place of publication, distribution, etc. UK,
Name of publisher, distributor, etc. Wiley-BlackWell.
Date of publication, distribution, etc. 2012.
300 ## - PHYSICAL DESCRIPTION
Extent xii,506p;
Other physical details col,ill;
Dimensions 26cm.
504 ## - BIBLIOGRAPHY, ETC. NOTE
Bibliography, etc includes index
650 ## - SUBJECT ADDED ENTRY--TOPICAL TERM
Topical term or geographic name as entry element Ecology
9 (RLIN) 544
942 ## - ADDED ENTRY ELEMENTS (KOHA)
Source of classification or shelving scheme Dewey Decimal Classification
Koha item type Open Shelf
Holdings
Withdrawn status Lost status Source of classification or shelving scheme Damaged status Not for loan Home library Current library Date acquired Source of acquisition Inventory number Total Checkouts Full call number Barcode Date last seen Price effective from Koha item type
    Dewey Decimal Classification     MUST Main Library MUST Main Library 10/05/2021 Purchase 12/35860   577DAV 2012 2021-0498 10/05/2021 10/05/2021 Open Shelf
    Dewey Decimal Classification     MUST Main Library MUST Main Library 01/06/2021 Purchase 12/35859   577DAV 2012 2021-0616 01/06/2021 01/06/2021 Open Shelf
    Dewey Decimal Classification     MUST Main Library MUST Main Library   Purchase 12/35861   577 DAV 2012 2024-20936 19/06/2024   Open Shelf